Methods of test for natural rubber. Part 4. determination of total copper [NR: 4] (Second Revision) (Record no. 73713)

MARC details
000 -LEADER
fixed length control field 00437nam a2200133Ia 4500
245 #0 - TITLE STATEMENT
Title Methods of test for natural rubber. Part 4. determination of total copper [NR: 4] (Second Revision)
260 ## - PUBLICATION, DISTRIBUTION, ETC. (IMPRINT)
Place of publication New Delhi
260 ## - PUBLICATION, DISTRIBUTION, ETC. (IMPRINT)
Year of publication 1988
Name of publisher Bureau of Indian Standards
490 ## - SERIES STATEMENT
Series statement Indian Standard
500 ## - GENERAL NOTE
General note Standard number: IS 3660 (Part 4)
650 ## - SUBJECT ADDED ENTRY--TOPICAL TERM
Topical Term Copper determination
942 ## - ADDED ENTRY ELEMENTS (KOHA)
Koha item type Standards
Holdings
Withdrawn status Lost status Damaged status Not for loan Home library Current library Date acquired Koha item type
      Standards RRII Library RRII Library 31/12/2021 Standards